[Event "Online Olym Div2 D"]
[Site "Chess.com INT"]
[Date "2021.09.04"]
[Round "7.4"]
[White "Nassr, Lina"]
[Black "De Leon, Patricia O"]
[Result "1/2-1/2"]
[WhiteElo "1970"]
[BlackElo "2004"]
[PlyCount "114"]
[EventDate "2021.09.02"]
[EventType "team (rapid)"]
[EventRounds "9"]
[EventCountry "USA"]
[SourceTitle "CBM 204 Extra"]
[Source "ChessBase"]
[SourceDate "2021.11.30"]
[SourceVersion "1"]
[SourceVersionDate "2021.11.30"]
[SourceQuality "1"]
[WhiteTeam "Algeria"]
[BlackTeam "Uruguay"]
[WhiteTeamCountry "ALG"]
[BlackTeamCountry "URU"]

1. d4 d5 2. Nf3 Nf6 3. e3 e6 4. Bd3 c5 5. b3 cxd4 6. exd4 Bd6 7. 0-0 0-0 8. Bb2 Nc6 9. a3 b6 10. Nbd2 Bb7 11. Qe2 Rc8 12. Ne5 Ne7 13. f4 Bb8 14. g4 Ne4 15. Nxe4 dxe4 16. Bxe4 Bxe4 17. Qxe4 f6 18. Nc4 Qd5 19. Qe2 Ng6 20. Ne3 Qe4 21. Qf3 Qxf3 22. Rxf3 Nxf4 23. c4 Rcd8 24. Rd1 Rd7 25. Ng2 Nxg2 26. Kxg2 Rfd8 27. Re1 Kf7 28. Rfe3 e5 29. dxe5 Rd2+ 30. R1e2 Rxe2+ 31. Rxe2 Bxe5 32. Bxe5 fxe5 33. Rxe5 Rd3 34. Rf5+ Ke6 35. Rf3 Rd2+ 36. Kg3 Ra2 37. a4 g5 38. Rd3 Rb2 39. h3 h6 40. Kf3 Rb1 41. Ke4 Re1+ 42. Kd4 Rc1 43. Re3+ Kd6 44. Rf3 Ke6 45. Kd3 Rb1 46. Kc2 Rh1 47. Kc3 a5 48. Kd4 Rd1+ 49. Rd3 Rc1 50. Re3+ Kd6 51. Rf3 Ke6 52. Rf5 Rd1+ 53. Kc3 Rh1 54. Rf3 Ra1 55. Kd4 Rd1+ 56. Rd3 Rc1 57. Rf3 Rd1+ 1/2-1/2

[Event "Online Olym Div2 D"]
[Site "Chess.com INT"]
[Date "2021.09.03"]
[Round "6.2"]
[White "Terao, Juliana Sayumi"]
[Black "Nassr, Lina"]
[Result "1-0"]
[WhiteElo "2252"]
[BlackElo "1970"]
[PlyCount "111"]
[EventDate "2021.09.02"]
[EventType "team (rapid)"]
[EventRounds "9"]
[EventCountry "USA"]
[SourceTitle "CBM 204 Extra"]
[Source "ChessBase"]
[SourceDate "2021.11.30"]
[SourceVersion "1"]
[SourceVersionDate "2021.11.30"]
[SourceQuality "1"]
[WhiteTeam "Brazil"]
[BlackTeam "Algeria"]
[WhiteTeamCountry "BRA"]
[BlackTeamCountry "ALG"]

1. e4 c5 2. Nf3 e6 3. c3 Nc6 4. d4 cxd4 5. cxd4 d5 6. e5 Nge7 7. Nc3 Nf5 8. a3 Bd7 9. h4 Be7 10. h5 h6 11. g3 Bg5 12. Bh3 Bxc1 13. Rxc1 Nfe7 14. 0-0 0-0 15. Qd3 Na5 16. Nd2 Rc8 17. Rc2 Qb6 18. Rfc1 Nb3 19. Nxb3 Qxb3 20. Bf1 a6 21. Qd2 Qb6 22. b4 Nf5 23. Rd1 Rc7 24. g4 Ne7 25. b5 Rfc8 26. a4 axb5 27. axb5 Kh8 28. Rdc1 Qa5 29. Qd3 Qb4 30. Na2 Qa5 31. Rxc7 Rxc7 32. Rxc7 Qxc7 33. Qc3 Qxc3 34. Nxc3 g6 35. hxg6 Nxg6 36. Kg2 Kg7 37. Kg3 f6 38. f4 fxe5 39. dxe5 Ne7 40. Bd3 Nc8 41. Ne2 Nb6 42. Nd4 Na4 43. f5 exf5 44. gxf5 Nc5 45. Bc2 Bc8 46. Kf4 Kf7 47. Nb3 Na4 48. Bd1 Nc3 49. Bh5+ Ke7 50. Nd4 Bd7 51. f6+ Kf8 52. e6 Bxe6 53. Nxe6+ Kg8 54. f7+ Kh7 55. f8Q Nxb5 56. Qg7# 1-0

[Event "Online Olym Div2 D"]
[Site "Chess.com INT"]
[Date "2021.09.02"]
[Round "1.4"]
[White "Varela la Madrid, Tilsia Carolin"]
[Black "Nassr, Lina"]
[Result "1/2-1/2"]
[WhiteElo "2087"]
[BlackElo "1970"]
[PlyCount "119"]
[EventDate "2021.09.02"]
[EventType "team (rapid)"]
[EventRounds "9"]
[EventCountry "USA"]
[SourceTitle "CBM 204 Extra"]
[Source "ChessBase"]
[SourceDate "2021.11.30"]
[SourceVersion "1"]
[SourceVersionDate "2021.11.30"]
[SourceQuality "1"]
[WhiteTeam "Venezuela"]
[BlackTeam "Algeria"]
[WhiteTeamCountry "VEN"]
[BlackTeamCountry "ALG"]

1. e4 c5 2. Nf3 e6 3. c3 Nc6 4. d4 cxd4 5. cxd4 d5 6. e5 Nge7 7. Nc3 Nf5 8. g4 Nh4 9. Nxh4 Qxh4 10. Be3 f6 11. exf6 Qxf6 12. Bg2 Bd6 13. 0-0 0-0 14. f4 Bd7 15. Kh1 Kh8 16. Qd2 Rac8 17. Rae1 Qh4 18. g5 Na5 19. Qf2 Qxf2 20. Rxf2 Nc4 21. Bc1 Bb4 22. Bh3 Bxc3 23. bxc3 Rfe8 24. Rfe2 Nd6 25. Bxe6 Bxe6 26. Rxe6 Ne4 27. Rxe8+ Rxe8 28. Kg2 Rc8 29. Bb2 Kg8 30. Ba1 Rc6 31. Rb1 b6 32. Rb5 Nxc3 33. Bxc3 Rxc3 34. Rxd5 Rc2+ 35. Kf3 Rxa2 36. Rd7 b5 37. Rb7 a6 38. h4 Rb2 39. d5 b4 40. f5 b3 41. d6 Rd2 42. Rxb3 Rxd6 43. Rb7 Rd4 44. g6 hxg6 45. fxg6 Kf8 46. h5 Rh4 47. Rf7+ Kg8 48. Ra7 Kf8 49. Rxa6 Rxh5 50. Kg4 Rb5 51. Ra7 Rc5 52. Rf7+ Kg8 53. Rb7 Kf8 54. Rb8+ Ke7 55. Rb6 Rc4+ 56. Kf5 Rc5+ 57. Kf4 Rc4+ 58. Kf5 Rc5+ 59. Kf4 Rc4+ 60. Kf5 1/2-1/2

[Event "World Cup U18 Girls Prel"]
[Site "Tornelo INT"]
[Date "2021.08.01"]
[Round "2"]
[White "Nassr, Lina"]
[Black "Biryukov, Sasha"]
[Result "1-0"]
[WhiteElo "1970"]
[BlackElo "1411"]
[PlyCount "61"]
[EventDate "2021.08.01"]
[EventType "swiss (rapid)"]
[EventRounds "10"]
[EventCountry "NET"]
[SourceTitle "EXT 2024"]
[Source "ChessBase"]
[SourceDate "2023.10.10"]
[SourceVersion "1"]
[SourceVersionDate "2023.10.10"]
[SourceQuality "1"]

1. d4 Nf6 2. Nf3 d5 3. e3 e6 4. Bd3 c5 5. b3 Be7 6. Bb2 0-0 7. 0-0 Nc6 8. a3 cxd4 9. exd4 Bd6 10. Nbd2 Re8 11. Ne5 Nd7 12. f4 Qb6 13. Bxh7+ Kf8 14. Qh5 Re7 15. Bg6 Ke8 16. Nxf7 Rxf7 17. Bxf7+ Ke7 18. Bg6 Nf6 19. Qh8 Nxd4 20. Qxg7+ Kd8 21. Qxf6+ Kd7 22. Bxd4 Bc5 23. Bxc5 Qxc5+ 24. Kh1 b5 25. Rae1 Qc6 26. f5 Bb7 27. Qf7+ Kd8 28. Rxe6 Qd7 29. Re8+ Kc7 30. Re7 Qxe7 31. Qxe7+ 1-0

[Event "World Cup U18 Girls Prel"]
[Site "Tornelo INT"]
[Date "2021.08.01"]
[Round "6"]
[White "Nassr, Lina"]
[Black "Eizaguerri Floris, Maria"]
[Result "0-1"]
[WhiteElo "1970"]
[BlackElo "2304"]
[PlyCount "120"]
[EventDate "2021.08.01"]
[EventType "swiss (rapid)"]
[EventRounds "10"]
[EventCountry "NET"]
[SourceTitle "EXT 2024"]
[Source "ChessBase"]
[SourceDate "2023.10.10"]
[SourceVersion "1"]
[SourceVersionDate "2023.10.10"]
[SourceQuality "1"]

1. d4 d5 2. Nf3 Nf6 3. e3 Bf5 4. c4 c6 5. Nc3 e6 6. Be2 Nbd7 7. 0-0 Bd6 8. b3 0-0 9. Bb2 Ne4 10. Bd3 Qb8 11. h3 h6 12. Qc2 Ndf6 13. Ne2 Bh7 14. Ne5 Ng5 15. Bxh7+ Ngxh7 16. f4 Qd8 17. Ng3 Nd7 18. Rad1 f5 19. Ne2 Nhf6 20. cxd5 cxd5 21. Rc1 Ne4 22. Nc3 Nxc3 23. Qxc3 Nf6 24. Qd3 Qa5 25. a3 Ne4 26. b4 Qa4 27. Rc2 Rfc8 28. Rfc1 Qe8 29. Qe2 Rxc2 30. Qxc2 Qb5 31. Qd3 Qe8 32. Qc2 Bxe5 33. dxe5 a5 34. Qc7 axb4 35. axb4 Nd2 36. Qxb7 Nc4 37. Bd4 Ra2 38. Ra1 Rxa1+ 39. Bxa1 Nxe3 40. Bd4 Nc2 41. Bc5 Ne1 42. Qa7 Qg6 43. Qa2 Nd3 44. Qd2 Qg3 45. Bd4 Ne1 46. b5 Nf3+ 47. Kf1 Nxd2+ 48. Ke2 Nc4 49. b6 Qb3 50. Kf2 Nxb6 51. Kf1 Nc4 52. Kf2 Qd3 53. Bc5 d4 54. Kg1 Qd1+ 55. Kf2 Nd2 56. g4 Ne4+ 57. Kg2 Qe2+ 58. Kh1 Qf3+ 59. Kg1 Qf2+ 60. Kh1 Ng3# 0-1

[Event "World Cup U18 Girls Prel"]
[Site "Tornelo INT"]
[Date "2021.08.01"]
[Round "3"]
[White "Ostensson, Julia"]
[Black "Nassr, Lina"]
[Result "0-1"]
[WhiteElo "1595"]
[BlackElo "1970"]
[PlyCount "116"]
[EventDate "2021.08.01"]
[EventType "swiss (rapid)"]
[EventRounds "10"]
[EventCountry "NET"]
[SourceTitle "EXT 2024"]
[Source "ChessBase"]
[SourceDate "2023.10.10"]
[SourceVersion "1"]
[SourceVersionDate "2023.10.10"]
[SourceQuality "1"]

1. e4 c5 2. Nc3 e6 3. g3 Nc6 4. Bg2 g6 5. d3 Bg7 6. Be3 d6 7. Qd2 Nd4 8. Nge2 Ne7 9. 0-0 0-0 10. f4 Rb8 11. g4 Nec6 12. a3 b5 13. Ng3 a5 14. Nd1 Bb7 15. f5 exf5 16. gxf5 Ne5 17. Bg5 f6 18. Bf4 Qd7 19. fxg6 hxg6 20. Kh1 Kf7 21. Be3 Rh8 22. Bf4 Qg4 23. Ne3 Qd7 24. Ne2 Rh7 25. Nxd4 cxd4 26. Nd5 Rbh8 27. Bf3 Bxd5 28. exd5 Bh6 29. Bxh6 Rxh6 30. Rf2 Qh3 31. Be4 Ke7 32. Raf1 f5 33. Bf3 Nxf3 34. Rxf3 Qxh2+ 35. Qxh2 Rxh2+ 36. Kg1 Rh1+ 37. Kf2 R8h2+ 38. Kg3 Rxf1 39. Rxf1 Rxc2 40. Kf4 Rxb2 41. Re1+ Kd7 42. Kg5 Rb3 43. Kxg6 f4 44. Rf1 Rxd3 45. Rxf4 Rxa3 46. Rxd4 b4 47. Kf5 b3 48. Rd3 a4 49. Rd1 Ra2 50. Ke4 b2 51. Rd2 b1Q+ 52. Ke3 Rxd2 53. Kxd2 Qb3 54. Ke2 a3 55. Kd2 a2 56. Ke2 a1Q 57. Kd2 Qaa2+ 58. Kc1 Qbb1# 0-1

[Event "World Cup U18 Girls Prel"]
[Site "Tornelo INT"]
[Date "2021.08.01"]
[Round "5"]
[White "Pham, Tran Gia Thu"]
[Black "Nassr, Lina"]
[Result "0-1"]
[WhiteElo "1630"]
[BlackElo "1970"]
[PlyCount "104"]
[EventDate "2021.08.01"]
[EventType "swiss (rapid)"]
[EventRounds "10"]
[EventCountry "NET"]
[SourceTitle "EXT 2024"]
[Source "ChessBase"]
[SourceDate "2023.10.10"]
[SourceVersion "1"]
[SourceVersionDate "2023.10.10"]
[SourceQuality "1"]

1. d4 d5 2. Nf3 Nf6 3. Bg5 e6 4. e3 Be7 5. Bd3 Nbd7 6. c3 h6 7. Bh4 b6 8. 0-0 Bb7 9. Nbd2 0-0 10. Qe2 c5 11. a4 a6 12. Rfd1 Qc7 13. e4 dxe4 14. Nxe4 Rfe8 15. Bg3 Qc6 16. Re1 Nxe4 17. Bxe4 Qc8 18. Bxb7 Qxb7 19. Rad1 Nf6 20. Ne5 Rad8 21. Qf3 Qxf3 22. Nxf3 Nd5 23. c4 Nb4 24. Bc7 Rc8 25. Bxb6 cxd4 26. Nxd4 Rxc4 27. b3 Rc3 28. Re3 Rxe3 29. fxe3 Nd5 30. Ba7 Nxe3 31. Rc1 Nd5 32. Nf3 Ra8 33. Bd4 Rb8 34. Nd2 Bg5 35. Rc2 Bxd2 36. Rxd2 Rxb3 37. Ra2 Rd3 38. Bc5 e5 39. a5 Nc3 40. Ra1 e4 41. Re1 f5 42. g3 g5 43. Bb4 Nd5 44. Bc5 Kf7 45. Re2 e3 46. Kg2 Rd2 47. Kf1 Rxe2 48. Kxe2 f4 49. gxf4 gxf4 50. Bd4 Ke6 51. Kf3 Kf5 52. Ba1 Nf6 0-1

[Event "World Cup U18 Girls Prel"]
[Site "Tornelo INT"]
[Date "2021.08.01"]
[Round "1"]
[White "Varshita, Jain"]
[Black "Nassr, Lina"]
[Result "1-0"]
[WhiteElo "1491"]
[BlackElo "1970"]
[PlyCount "153"]
[EventDate "2021.08.01"]
[EventType "swiss (rapid)"]
[EventRounds "10"]
[EventCountry "NET"]
[SourceTitle "EXT 2024"]
[Source "ChessBase"]
[SourceDate "2023.10.10"]
[SourceVersion "1"]
[SourceVersionDate "2023.10.10"]
[SourceQuality "1"]

1. e4 c5 2. Nf3 e6 3. d4 cxd4 4. Nxd4 Nf6 5. Nc3 Nc6 6. Be3 Bb4 7. Bd3 d5 8. Nxc6 bxc6 9. e5 Nd7 10. Qg4 Bxc3+ 11. bxc3 g6 12. Qg3 Qa5 13. Bd2 Ba6 14. c4 Qa4 15. cxd5 cxd5 16. 0-0 0-0 17. Bg5 Bxd3 18. cxd3 f6 19. exf6 Nxf6 20. Qe5 Nh5 21. Qxe6+ Rf7 22. Qxd5 Raf8 23. Rfe1 Nf4 24. Bxf4 Qxf4 25. Re2 Qf6 26. Rae1 h6 27. f3 Kh7 28. Re6 Qc3 29. Re7 Qf6 30. Qe5 Qb6+ 31. Kh1 Qd8 32. Qe6 Kg7 33. Qe5+ Kh7 34. Rxf7+ Rxf7 35. Qe8 Qc7 36. d4 Rd7 37. Qe4 Qd6 38. Rd1 Re7 39. Qd3 Qd5 40. h3 Rd7 41. Qd2 Rc7 42. Re1 Rd7 43. Re2 Kg7 44. Qe3 a6 45. Qe5+ Kf7 46. Qxd5+ Rxd5 47. Rd2 Ke6 48. Kg1 Kf5 49. Kf2 a5 50. Ke3 h5 51. g4+ hxg4 52. hxg4+ Ke6 53. Rc2 g5 54. Rc5 Kd6 55. Rxd5+ Kxd5 56. Kd3 a4 57. Kc3 a3 58. Kd3 Kd6 59. Kc4 Kc6 60. Kb4 Kd5 61. Kxa3 Kxd4 62. Kb4 Ke3 63. a4 Kxf3 64. a5 Kxg4 65. a6 Kh3 66. a7 g4 67. a8Q g3 68. Qh1+ Kg4 69. Qg2 Kh4 70. Kc3 Kg4 71. Kd3 Kh4 72. Ke3 Kg4 73. Ke4 Kh5 74. Qxg3 Kh6 75. Kf5 Kh7 76. Kf6 Kh8 77. Qg7# 1-0

[Event "Africa-ch (Women)"]
[Site "Lilongwe"]
[Date "2021.05.24"]
[Round "6"]
[White "Charinda, Kudzanayi"]
[Black "Nassr, Lina"]
[Result "1/2-1/2"]
[WhiteElo "1702"]
[BlackElo "1960"]
[PlyCount "100"]
[EventDate "2021.05.18"]
[EventType "swiss"]
[EventRounds "9"]
[EventCountry "MWI"]
[SourceTitle "EXT 2022"]
[Source "ChessBase"]
[SourceDate "2021.10.06"]
[SourceVersion "1"]
[SourceVersionDate "2021.10.06"]
[SourceQuality "1"]

1. e4 c5 2. Nf3 e6 3. d4 cxd4 4. Nxd4 a6 5. g3 Nf6 6. Bg2 d6 7. Nc3 Be7 8. 0-0 0-0 9. Be3 Qc7 10. Re1 Nc6 11. Nxc6 bxc6 12. Na4 Rb8 13. b3 Bd7 14. c4 c5 15. Nc3 Bc6 16. h3 Nd7 17. Qc2 Bf6 18. Rad1 Rfd8 19. Rd2 Rb4 20. Red1 Nf8 21. f4 Rbb8 22. g4 h6 23. Ne2 a5 24. Ng3 Bh4 25. Ne2 a4 26. Nc1 Be7 27. Nd3 axb3 28. axb3 Qb7 29. Nc1 Ng6 30. Re2 Nh4 31. Bh1 f5 32. Bf2 Ng6 33. Bg3 Bh4 34. Kh2 Qe7 35. Qc3 fxg4 36. hxg4 Rbc8 37. f5 exf5 38. exf5 Bxg3+ 39. Qxg3 Ne5 40. Bxc6 Rxc6 41. Nd3 Qg5 42. Nxe5 dxe5 43. Rxd8+ Qxd8 44. Qxe5 Qh4+ 45. Kg1 Qxg4+ 46. Rg2 Qd1+ 47. Kh2 Qh5+ 48. Kg1 Qd1+ 49. Kh2 Qh5+ 50. Kg1 Qd1+ 1/2-1/2